Kindergeneeskunde, (Record no. 37840)
[ view plain ]
| 000 -LEADER | |
|---|---|
| fixed length control field | 00598cam a22002051 4500 |
| 001 - CONTROL NUMBER | |
| control field | med46000082 |
| 003 - CONTROL NUMBER IDENTIFIER | |
| control field | DLC |
| 005 - DATE AND TIME OF LATEST TRANSACTION | |
| control field | 20260227111556.0 |
| 008 - FIXED-LENGTH DATA ELEMENTS--GENERAL INFORMATION | |
| fixed length control field | 811121s1946 xx a 000 0 dut |
| 010 ## - LIBRARY OF CONGRESS CONTROL NUMBER | |
| LC control number | med46000082 |
| 035 ## - SYSTEM CONTROL NUMBER | |
| System control number | (OCoLC)14749888 |
| 040 ## - CATALOGING SOURCE | |
| Original cataloging agency | DLC |
| Transcribing agency | DNLM |
| Modifying agency | DLC |
| 042 ## - AUTHENTICATION CODE | |
| Authentication code | premarc |
| 050 00 - LIBRARY OF CONGRESS CALL NUMBER | |
| Classification number | RJ45 |
| Item number | .D38 |
| 060 0# - NATIONAL LIBRARY OF MEDICINE CALL NUMBER | |
| Classification number | WS 100 |
| Item number | D417k 1946 |
| 100 1# - MAIN ENTRY--PERSONAL NAME | |
| Personal name | Denys, Pierre. |
| 245 10 - TITLE STATEMENT | |
| Title | Kindergeneeskunde, |
| Remainder of title | lessen gedoceerd aan de Medische faculteit van de R. K. Universiteit te Leuven ... |
| 260 ## - PUBLICATION, DISTRIBUTION, ETC. | |
| Place of publication, distribution, etc. | Antwerpen [etc.] |
| Name of publisher, distributor, etc. | Standaard-boekhandel, |
| Date of publication, distribution, etc. | 1946. |
| 300 ## - PHYSICAL DESCRIPTION | |
| Extent | 219 p. |
| Other physical details | ill. |
No items available.